header

The Big Onion guide to Brooklyn (Record no. 248857)

MARC details
000 -LEADER
fixed length control field 01427nam a2200337Ia 4500
100 1# - MAIN ENTRY--AUTHOR NAME
Personal name Kamil, Seth.
245 14 - TITLE STATEMENT
Title The Big Onion guide to Brooklyn
260 ## - PUBLICATION, DISTRIBUTION, ETC. (IMPRINT)
Place of publication New York :
Name of publisher New York University Press,
Year of publication c2005.
300 ## - PHYSICAL DESCRIPTION
Number of Pages ix, 301 p. :
Other physical details ill., maps.
650 #0 - SUBJECT ADDED ENTRY--TOPICAL TERM
Topical Term Historic sites
Topical Term Walking
700 1# - ADDED ENTRY--PERSONAL NAME
Personal name Wakin, Eric.
856 40 - ELECTRONIC LOCATION AND ACCESS
Uniform Resource Identifier http://site.ebrary.com/lib/rucke/Doc?id=10172685

No items available.

© 2026 Rongo University
Contact us: librarian | system librarian | Rongo university